Tabela stratygraficzna - Statystyki

Ogólne statystyki
  • Ten quiz został rozwiązany 145 razy
  • Średni wynik to 54 z 171
Statystyki odpowiedzi
Odpowiedź % Poprawnych
kambr
85%
jura
81%
kreda
81%
czwartorzęd
74%
dewon
74%
karbon
74%
ordowik
74%
trias
74%
perm
70%
sylur
70%
mezozoik
67%
paleozoik
67%
archaik (prekambr)
63%
holocen
63%
kenozoik
63%
neogen
63%
paleogen
63%
miocen
59%
plejstocen
59%
eocen
48%
fanerozoik
48%
paleocen
48%
proterozoik (prekambr)
48%
furong
44%
oddział/epoka 2
44%
pliocen
44%
mezoarchaik
41%
mezoproterozoik
41%
neoarchaik
41%
oksford
41%
paleoarchaik
41%
paleoproterozoik
41%
dolna/wczesna kreda
37%
ediakar
37%
eoarchaik
37%
górna/późna kreda
37%
kelowej
37%
landower
37%
neoproterozoik
37%
oligocen
37%
terenew
37%
baton
33%
cisural
33%
dolna/wczesna jura
33%
dolny/wczesny trias
33%
fortun
33%
górna/późna jura
33%
gwadelup
33%
ludlow
33%
mississip
33%
pensylwan
33%
środkowa jura
33%
środkowy trias
33%
wenlok
33%
apt
30%
bajos
30%
dolny/wczesny ordowik
30%
drum
30%
ektas
30%
famen
30%
flo
30%
fran
30%
górny/późny ordowik
30%
górny/późny trias
30%
hadeik
30%
ind
30%
kalim
30%
kimeryd
30%
kriogen
30%
loping
30%
mastrycht
30%
miaoling
30%
orosir
30%
przydol
30%
riak
30%
sider
30%
środkowy ordowik
30%
stater
30%
sten
30%
ton
30%
turnej
30%
tyton
30%
wizen
30%
aalen
26%
alb
26%
artyńsk
26%
assel
26%
barrem
26%
dolny/wczesny dewon
26%
eifel
26%
ems
26%
górny/późny dewon
26%
gużang
26%
hettang
26%
hirnant
26%
kampan
26%
kat
26%
koniak
26%
kungur
26%
ladyn
26%
noryk
26%
piętro/wiek 10
26%
piętro/wiek 2
26%
piętro/wiek 3
26%
piętro/wiek 4
26%
prag
26%
retyk
26%
road
26%
sakmar
26%
środkowy dewon
26%
toark
26%
walanżyn
26%
word
26%
aeron
22%
anizyk
22%
berrias
22%
cenoman
22%
dan
22%
daping
22%
darriwil
22%
dziangszan
22%
homer
22%
hoteryw
22%
kapitan
22%
karnik
22%
lang
22%
lochkow
22%
ludford
22%
lutet
22%
moskow
22%
olenek
22%
paib
22%
pliensbach
22%
ruddan
22%
santon
22%
szejnwud
22%
tremadok
22%
turon
22%
wucziaping
22%
żywet
22%
akwitan
19%
barton
19%
baszkir
19%
burdygał
19%
czangsing
19%
gorst
19%
gżel
19%
kasim
19%
messyn
19%
piacent
19%
priabon
19%
rupel
19%
sandb
19%
serrawal
19%
synemur
19%
szat
19%
tanet
19%
zankl
19%
zeland
19%
gelas
15%
iprez
15%
kalabr
15%
serpuchow
15%
telicz
15%
tortton
15%
megalaj
11%
wuliuan
11%
chiban
7%
górny/późny plejstocen
7%
grenland
7%
northgrip
7%
Nie znaleziono quizów pasujących do podanych kryteriów
Rozkład punktacji
Procent ludzi z każdym wynikiem
Percentyl według liczby udzielonych odpowiedzi
Twoja historia wyników
Nie rozwiązałeś tego quizu